Zistite, čo ľudí štve, a vyriešte to!

Ako obstáť v konkurencii veľkých hráčov - podľa Iva Tomana, známeho českého motivačného rečníka, školiteľa osobného rozvoja a autora mnohých kníh. Ozveny Samošky.

Salvato in:
Dettagli Bibliografici
Autore principale: Votrubová, Andrea
Natura: Capitolo di libro
Lingua:slovacco
Soggetti:
Tags: Aggiungi Tag
Nessun Tag, puoi essere il primo ad aggiungerne!!

MARC

LEADER 00000naa a2200000 4500
001 0234135
005 20200305103253.4
041 0 |a slo 
044 |a CZ 
245 1 0 |a Zistite, čo ľudí štve, a vyriešte to!  |c Andrea Votrubová 
520 |a Ako obstáť v konkurencii veľkých hráčov - podľa Iva Tomana, známeho českého motivačného rečníka, školiteľa osobného rozvoja a autora mnohých kníh. Ozveny Samošky. 
610 2 0 |a podnikanie 
610 2 0 |a konkurencia 
610 2 0 |a úspech pracovný 
610 2 0 |a motivácia 
100 1 |a Votrubová, Andrea